Normal view
MARC view
Entry Personal Name
001 - CONTROL NUMBER
- control field: 1238303
003 - CONTROL NUMBER IDENTIFIER
- control field: OSt
005 - DATE AND TIME OF LATEST TRANSACTION
- control field: 20260430150725.0
008 - FIXED-LENGTH DATA ELEMENTS
- fixed length control field: 260430|| aca||aabn | a|a d
040 ## - CATALOGING SOURCE
- Original cataloging agency: OSt
- Transcribing agency: OSt
100 ## - HEADING--PERSONAL NAME
- Personal name: Jamal Ahmad Au.; Mohammad Akram Gu
670 ## - SOURCE DATA FOUND
- Source citation: Work cat.: (OSt)1850473: Jamal Ahmad Au.; Mohammad Akram Gu., Daur al-mira al-kawaitiya fi israi al-nasr al-arbi fi al-nisf al-sani min al-qiran al-ashreen, 2024
